| 000 | 00519nam a2200157Ia 4500 | ||
|---|---|---|---|
| 008 | 240729s9999 xx 000 0 und d | ||
| 022 | _a2636-3356 | ||
| 245 | 0 | _aAin Shams Journal of Forensic Medicine and Clinical Toxicology | |
| 260 | _aEgypt | ||
| 260 | _bAin Shams University, Faculty of Medicine, Forensic Medicine ; Clinical Toxicology Department | ||
| 650 | _a Medicine (General) | ||
| 650 | _aMedicine | ||
| 856 | _uhttps://doaj.org/toc/3e7e76c464e4414bbb84fc38bbf490c8 | ||
| 942 | _2ddc | ||
| 942 | _cDOAJEJ | ||
| 999 |
_c68272 _d68272 |
||
| 945 |
_a1 _bMadushi Gamage _c1 _dMadushi Gamage |
||